[Event "Rilton Cup 45th"]
[Site "Stockholm"]
[Date "2016.01.02"]
[Round "6"]
[White "Zeier, Klaus"]
[Black "Martinsen, Stig K"]
[Result "1-0"]
[WhiteElo "2262"]
[BlackElo "2162"]
[PlyCount "99"]
[EventDate "2015.12.27"]
[EventType "swiss"]
[EventRounds "9"]
[EventCountry "SWE"]
[SourceTitle "CBM 170 Extra"]
[Source "ChessBase"]
[SourceDate "2016.02.25"]
[SourceVersion "1"]
[SourceVersionDate "2016.02.25"]
[SourceQuality "1"]

1. e4 e6 2. d4 d5 3. e5 c5 4. c3 Nc6 5. Nf3 Bd7 6. a3 c4 7. Nbd2 Na5 8. g3 Ne7 9. h4 h6 10. Bh3 Nc8 11. 0-0 Nb6 12. Nh2 Qc7 13. f4 0-0-0 14. Ng4 Be7 15. Nf3 Nb3 16. Rb1 Nxc1 17. Rxc1 f5 18. exf6 gxf6 19. Kh2 Rdg8 20. Ne3 Bd6 21. Qd2 Rg7 22. Qf2 Rhg8 23. Rg1 Kb8 24. Rce1 Qc8 25. Nf1 Na8 26. Rg2 Nc7 27. Qd2 h5 28. Rge2 Qf8 29. Qe3 Re7 30. Ne5 Be8 31. Qf2 Reg7 32. Nf3 Bd7 33. Ng1 Qf7 34. Re3 Qg6 35. f5 exf5 36. Ne2 a6 37. Nf4 Qf7 38. Bg2 Rh8 39. Qf3 Rg4 40. Bh3 Rg7 41. R3e2 Ka7 42. Ne3 Rhg8 43. Rg1 Bxf4 44. Qxf4 Ne6 45. Qd6 f4 46. Nf5 fxg3+ 47. Kh1 Rh7 48. Rxg3 Rxg3 49. Qxg3 Ng7 50. Nd6 1-0

[Event "Rilton Cup 45th"]
[Site "Stockholm"]
[Date "2016.01.01"]
[Round "5"]
[White "Risting, Eivind Olav"]
[Black "Zeier, Klaus"]
[Result "1/2-1/2"]
[WhiteElo "1985"]
[BlackElo "2262"]
[PlyCount "53"]
[EventDate "2015.12.27"]
[EventType "swiss"]
[EventRounds "9"]
[EventCountry "SWE"]
[SourceTitle "CBM 170 Extra"]
[Source "ChessBase"]
[SourceDate "2016.02.25"]
[SourceVersion "1"]
[SourceVersionDate "2016.02.25"]
[SourceQuality "1"]

1. d4 Nf6 2. Bg5 e6 3. e4 h6 4. Bxf6 Qxf6 5. c3 d6 6. Bd3 Nd7 7. Ne2 g6 8. 0-0 Bg7 9. f4 0-0 10. Nd2 Qe7 11. Nf3 e5 12. Qd2 b6 13. Bb5 Bb7 14. Bxd7 Qxd7 15. dxe5 Bxe4 16. exd6 Rad8 17. Rad1 Qc6 18. d7 Bf5 19. Ne5 Bxe5 20. fxe5 Rxd7 21. Nd4 Qd5 22. Rxf5 gxf5 23. Qxh6 f6 24. Qg6+ Kh8 25. Qh6+ Kg8 26. Qg6+ Kh8 27. Qh6+ 1/2-1/2

[Event "Rilton Cup 45th"]
[Site "Stockholm"]
[Date "2015.12.29"]
[Round "3"]
[White "Kassani, Sam"]
[Black "Zeier, Klaus"]
[Result "1-0"]
[WhiteElo "2126"]
[BlackElo "2262"]
[PlyCount "81"]
[EventDate "2015.12.27"]
[EventType "swiss"]
[EventRounds "9"]
[EventCountry "SWE"]
[SourceTitle "CBM 170 Extra"]
[Source "ChessBase"]
[SourceDate "2016.02.25"]
[SourceVersion "1"]
[SourceVersionDate "2016.02.25"]
[SourceQuality "1"]

1. e4 e5 2. Nf3 Nc6 3. Bb5 a6 4. Ba4 Nf6 5. d3 b5 6. Bb3 Be7 7. 0-0 0-0 8. Re1 d6 9. a4 b4 10. a5 Bg4 11. c3 Rb8 12. Nbd2 bxc3 13. bxc3 d5 14. h3 Bh5 15. g4 dxe4 16. dxe4 Bg6 17. Qe2 Rb5 18. Ba4 Rc5 19. Nb3 Rxc3 20. Bb2 Nxe4 21. Bxc3 Nxc3 22. Qxa6 Nb4 23. Qc4 Nxa4 24. Rxa4 Bd3 25. Qc3 e4 26. Ne5 Nd5 27. Qc6 Nf4 28. Nxd3 Qxd3 29. Qxe4 Nxh3+ 30. Kg2 Qxb3 31. Re3 Qd1 32. Rxh3 g6 33. Rh1 Qd7 34. a6 c6 35. Rb1 Bc5 36. Rb7 Qc8 37. Qc4 Bd6 38. Rb6 Qd7 39. Qxc6 Qxc6+ 40. Rxc6 Be5 41. Rac4 1-0

[Event "Bayern-chI Bank Hofmann 19th"]
[Site "Bad Wiessee"]
[Date "2015.11.07"]
[Round "8"]
[White "Baeuml, Ulrich"]
[Black "Zeier, Klaus"]
[Result "1-0"]
[WhiteElo "2095"]
[BlackElo "2250"]
[PlyCount "83"]
[EventDate "2015.10.31"]
[EventType "swiss"]
[EventRounds "9"]
[EventCountry "GER"]
[SourceTitle "EXT 2017"]
[Source "ChessBase"]
[SourceDate "2016.10.25"]
[SourceVersion "1"]
[SourceVersionDate "2016.10.25"]
[SourceQuality "1"]

1. c4 Nf6 2. g3 e6 3. Bg2 d5 4. Nf3 Be7 5. 0-0 0-0 6. Qc2 c6 7. d4 Nbd7 8. Nbd2 b6 9. Rd1 Bb7 10. e4 dxc4 11. Nxc4 c5 12. Nfe5 cxd4 13. Rxd4 Bc5 14. Rd1 Qe7 15. Bg5 Nxe5 16. Nxe5 Rfd8 17. Ng4 e5 18. Bxf6 gxf6 19. Nh6+ Kh8 20. Qb3 Rxd1+ 21. Rxd1 Rf8 22. Qf3 Bc8 23. Qh5 Be6 24. Bh3 Bd4 25. Rc1 Bc5 26. a3 Bxh3 27. Qxh3 Qd6 28. Rf1 Qd2 29. b4 Bd4 30. Qh5 Kg7 31. Nf5+ Kh8 32. h4 a5 33. Nh6 Kg7 34. Nf5+ Kh8 35. bxa5 bxa5 36. Nh6 Kg7 37. Nf5+ Kh8 38. Qf3 Bc5 39. Rd1 Bxf2+ 40. Kg2 Qc2 41. Kh3 Bc5 42. Qg4 1-0

[Event "Bayern-chI Bank Hofmann 19th"]
[Site "Bad Wiessee"]
[Date "2015.11.05"]
[Round "6"]
[White "Demir, Bilal"]
[Black "Zeier, Klaus"]
[Result "0-1"]
[WhiteElo "2099"]
[BlackElo "2250"]
[PlyCount "86"]
[EventDate "2015.10.31"]
[EventType "swiss"]
[EventRounds "9"]
[EventCountry "GER"]
[SourceTitle "EXT 2017"]
[Source "ChessBase"]
[SourceDate "2016.10.25"]
[SourceVersion "1"]
[SourceVersionDate "2016.10.25"]
[SourceQuality "1"]

1. e4 e5 2. Nf3 Nc6 3. Bc4 Nf6 4. d3 Be7 5. 0-0 0-0 6. Re1 d6 7. a4 Be6 8. a5 a6 9. Nbd2 Qd7 10. Qe2 Rfe8 11. c3 Bf8 12. Bxe6 Qxe6 13. Nf1 d5 14. Ng3 g6 15. h3 Rad8 16. Nh2 d4 17. c4 Bb4 18. Bd2 Nd7 19. Ra4 Bxd2 20. Qxd2 Nc5 21. Ra3 Qe7 22. b4 Ne6 23. Rb3 b6 24. axb6 cxb6 25. b5 Na5 26. Rbb1 Ra8 27. bxa6 Rxa6 28. Nf3 Nc5 29. Rb5 Nc6 30. Reb1 Ra3 31. Ne1 Na4 32. Ne2 Nc3 33. Nxc3 dxc3 34. Qe3 Nd4 35. Rxb6 Ra2 36. Kf1 Kg7 37. Rc1 Re2 38. Qg3 Qa3 39. Rbb1 c2 40. Ra1 Qc3 41. Qg5 Rxe1+ 42. Rxe1 Nb3 43. Rac1 Nxc1 0-1

[Event "Bayern-chI Bank Hofmann 19th"]
[Site "Bad Wiessee"]
[Date "2015.11.02"]
[Round "3"]
[White "Zeier, Klaus"]
[Black "Alekseev, Evgeny V"]
[Result "1/2-1/2"]
[WhiteElo "2250"]
[BlackElo "2642"]
[PlyCount "166"]
[EventDate "2015.10.31"]
[EventType "swiss"]
[EventRounds "9"]
[EventCountry "GER"]
[SourceTitle "CBM 169 Extra"]
[Source "ChessBase"]
[SourceDate "2015.12.18"]
[SourceVersion "1"]
[SourceVersionDate "2015.12.18"]
[SourceQuality "1"]

1. e4 c5 2. Nf3 Nc6 3. Bb5 g6 4. 0-0 Bg7 5. c3 Nf6 6. Re1 0-0 7. h3 Qb6 8. Na3 d6 9. Bf1 Be6 10. Nc4 Qc7 11. a4 d5 12. exd5 Bxd5 13. d3 Rad8 14. Ne3 Be6 15. Ng5 Bc8 16. Qc2 b6 17. Ne4 Nh5 18. Nc4 h6 19. a5 Be6 20. axb6 axb6 21. Qb3 Rb8 22. Qb5 Bd7 23. Qb3 Kh7 24. Ra6 f5 25. Ned2 b5 26. Ne3 e6 27. Nf3 Rfd8 28. Nc2 Bc8 29. Ra1 b4 30. cxb4 Nxb4 31. Nxb4 Rxb4 32. Qc2 Rd6 33. Nd2 Ba6 34. Nb3 Rc6 35. Bd2 Rb8 36. Bc3 Qb6 37. Na5 Rd6 38. Bxg7 Nxg7 39. Nc4 Bxc4 40. Qxc4 Rd4 41. Qc3 Rb4 42. Re5 Rc8 43. Ra2 Rc7 44. Re1 Rb7 45. Re5 Rxb2 46. Rxb2 Qxb2 47. Qxc5 Qa1 48. Qa5 Rb1 49. Qxa1 Rxa1 50. g3 Kg8 51. Kg2 Kf7 52. Be2 Kf6 53. Rb5 Ra2 54. Kf1 Ne8 55. Rb6 Ra1+ 56. Kg2 Ra4 57. Bd1 Rd4 58. Bb3 Nd6 59. Bc4 g5 60. Ba6 h5 61. Kf3 Ke7 62. Rb8 Ra4 63. Bc4 Nxc4 64. dxc4 Rxc4 65. Rh8 h4 66. Rh6 Rc3+ 67. Kg2 hxg3 68. fxg3 f4 69. gxf4 gxf4 70. h4 Rg3+ 71. Kf2 Kd6 72. Rh8 Ke5 73. h5 Ke4 74. h6 Rh3 75. h7 e5 76. Kg2 Rh5 77. Kf2 Rh6 78. Kg1 f3 79. Kf2 Rh2+ 80. Kg1 f2+ 81. Kf1 Ke3 82. Rf8 Rxh7 83. Rf3+ Kxf3 1/2-1/2

[Event "Politiken Cup 37th"]
[Site "Helsingor"]
[Date "2015.07.29"]
[Round "6"]
[White "Zeier, Klaus"]
[Black "Hofmann, Rares"]
[Result "1-0"]
[WhiteElo "2229"]
[BlackElo "2065"]
[PlyCount "141"]
[EventDate "2015.07.25"]
[EventType "swiss"]
[EventRounds "10"]
[EventCountry "DEN"]
[SourceTitle "CBM 167 Extra"]
[Source "ChessBase"]
[SourceDate "2015.09.14"]
[SourceVersion "1"]
[SourceVersionDate "2015.09.14"]
[SourceQuality "1"]

1. e4 c5 2. Nf3 d6 3. Bb5+ Nd7 4. d4 cxd4 5. Qxd4 a6 6. Bxd7+ Bxd7 7. c4 Nf6 8. Nc3 e6 9. b3 Bc6 10. 0-0 Be7 11. Bb2 0-0 12. Qd3 Rc8 13. Nd4 Qb6 14. Rad1 Rfd8 15. Rfe1 Rc7 16. Qg3 Bd7 17. Nf5 exf5 18. Nd5 f4 19. Qg5 h6 20. Nxe7+ Kf8 21. Nd5 hxg5 22. Nxb6 Rc6 23. c5 Be6 24. e5 Ne8 25. Na4 d5 26. Nc3 Kg8 27. b4 Rd7 28. Na4 Nc7 29. Nb6 Rd8 30. Rd2 Kh7 31. f3 Kg6 32. Rc1 Na8 33. Nxa8 Rxa8 34. Bd4 b5 35. a4 Rb8 36. Ra1 Kf5 37. Bc3 Kg6 38. h3 Kf5 39. Kf2 Kg6 40. Ke2 Rb7 41. Kd3 bxa4 42. Rxa4 Bc8 43. Kd4 Rd7 44. Rb2 Re6 45. b5 axb5 46. Rxb5 Kf5 47. Rb8 Ba6 48. Rb6 Bc8 49. Ra8 Rc7 50. Rbb8 Bd7 51. Rf8 Kg6 52. Ba5 Rb7 53. Rfb8 Bc6 54. Rxb7 Bxb7 55. Ra7 Bc6 56. Rc7 f6 57. exf6 gxf6 58. Rxc6 Rxc6 59. Kxd5 Rc8 60. c6 Kf7 61. Kd6 Ke8 62. c7 Ra8 63. Kc6 Rc8 64. Bb4 f5 65. Bd6 g4 66. hxg4 fxg4 67. fxg4 Kf7 68. Kd7 Ra8 69. c8Q Rxc8 70. Kxc8 Kg6 71. Bxf4 1-0

[Event "Politiken Cup 37th"]
[Site "Helsingor"]
[Date "2015.07.28"]
[Round "5"]
[White "Maze, Sebastien"]
[Black "Zeier, Klaus"]
[Result "1-0"]
[WhiteElo "2575"]
[BlackElo "2229"]
[PlyCount "113"]
[EventDate "2015.07.25"]
[EventType "swiss"]
[EventRounds "10"]
[EventCountry "DEN"]
[SourceTitle "CBM 167 Extra"]
[Source "ChessBase"]
[SourceDate "2015.09.14"]
[SourceVersion "1"]
[SourceVersionDate "2015.09.14"]
[SourceQuality "1"]

1. g3 Nf6 2. Bg2 d5 3. Nf3 g6 4. c4 c6 5. Qa4 Bg7 6. cxd5 Nxd5 7. d4 0-0 8. 0-0 Na6 9. Nc3 Nb6 10. Qa5 e5 11. dxe5 Nc4 12. Qxd8 Rxd8 13. Bg5 Re8 14. Ne4 Nxe5 15. Nf6+ Bxf6 16. Bxf6 Nxf3+ 17. Bxf3 Nc5 18. Bd4 Ne6 19. Be3 h5 20. Rfe1 Ng7 21. Bg2 Nf5 22. Bc5 Be6 23. e4 Ne7 24. Be3 Nc8 25. a3 Nb6 26. Red1 Bb3 27. Re1 Be6 28. Bd4 Red8 29. Bf6 Re8 30. Rad1 Nd7 31. Bc3 Nb6 32. f3 Red8 33. Bf6 Rxd1 34. Rxd1 Kf8 35. h3 Ke8 36. g4 Nd7 37. Bc3 hxg4 38. hxg4 f6 39. Kf2 g5 40. Rh1 Ke7 41. Rh7+ Kd6 42. Kg3 Rf8 43. Bf1 Rf7 44. Rxf7 Bxf7 45. f4 gxf4+ 46. Kxf4 Be6 47. Bxf6 Nxf6 48. e5+ Ke7 49. exf6+ Kxf6 50. g5+ Ke7 51. Ke5 a5 52. g6 b5 53. Bg2 b4 54. axb4 axb4 55. Bxc6 b3 56. Bd5 Bxd5 57. Kxd5 1-0

[Event "Politiken Cup 37th"]
[Site "Helsingor"]
[Date "2015.07.26"]
[Round "3"]
[White "Timman, Jan H"]
[Black "Zeier, Klaus"]
[Result "1-0"]
[WhiteElo "2566"]
[BlackElo "2229"]
[PlyCount "109"]
[EventDate "2015.07.25"]
[EventType "swiss"]
[EventRounds "10"]
[EventCountry "DEN"]
[SourceTitle "CBM 167 Extra"]
[Source "ChessBase"]
[SourceDate "2015.09.14"]
[SourceVersion "1"]
[SourceVersionDate "2015.09.14"]
[SourceQuality "1"]

1. c4 Nf6 2. Nc3 e6 3. Nf3 Bb4 4. Qc2 0-0 5. a3 Bxc3 6. Qxc3 b6 7. b4 Bb7 8. Bb2 d6 9. e3 a5 10. b5 Nbd7 11. Be2 e5 12. 0-0 Ne4 13. Qc2 f5 14. Ne1 Nec5 15. d4 Ne6 16. Rd1 Be4 17. Qc1 exd4 18. exd4 f4 19. f3 Bf5 20. Nd3 Qg5 21. Rfe1 Rae8 22. Bf1 Re7 23. Qd2 Rfe8 24. d5 Nec5 25. Rxe7 Rxe7 26. Qxf4 Qxf4 27. Nxf4 Re3 28. Ra1 Ne5 29. Bd4 Rb3 30. h4 Ncd3 31. Ne6 Bxe6 32. dxe6 Kf8 33. Be2 Nf4 34. Bd1 Rd3 35. Bf2 Rc3 36. Be1 Rxc4 37. g3 Nfd3 38. Bd2 Nb2 39. f4 Nxd1 40. fxe5 Nc3 41. exd6 cxd6 42. Rf1+ Ke7 43. Rf7+ Kxe6 44. Rxg7 Nxb5 45. Rxh7 Nxa3 46. h5 Nb1 47. Be3 Nc3 48. Bxb6 Ne4 49. Rg7 Rb4 50. Be3 Rb1+ 51. Kg2 Rb2+ 52. Kh3 Nf6 53. Rg6 Rb5 54. Bg5 Rf5 55. g4 1-0

[Event "Oberliga Baden 1415"]
[Site "Baden"]
[Date "2015.04.12"]
[Round "9.3"]
[White "Scherer, Helmut"]
[Black "Zeier, Klaus"]
[Result "1/2-1/2"]
[WhiteElo "2278"]
[BlackElo "2229"]
[PlyCount "247"]
[EventDate "2014.09.21"]
[EventType "team-tourn"]
[EventRounds "9"]
[EventCountry "GER"]
[SourceTitle "EXT 2016"]
[Source "ChessBase"]
[SourceDate "2015.10.08"]
[SourceVersion "1"]
[SourceVersionDate "2015.10.08"]
[SourceQuality "1"]
[WhiteTeam "Freiburg Zaehringen"]
[BlackTeam "Ettlingen"]
[WhiteTeamCountry "GER"]
[BlackTeamCountry "GER"]

1. e4 e5 2. Nf3 Nc6 3. Bb5 a6 4. Ba4 Nf6 5. 0-0 Be7 6. Bxc6 dxc6 7. Nc3 Nd7 8. d4 Bd6 9. dxe5 Nxe5 10. Bf4 Qf6 11. Bxe5 Bxe5 12. Nxe5 Qxe5 13. Qd2 Bd7 14. Rad1 0-0-0 15. Qd4 Qxd4 16. Rxd4 Bg4 17. Rxd8+ Rxd8 18. f3 Be6 19. a3 Rd2 20. Rf2 Rd4 21. Kf1 c5 22. Ke1 b5 23. Rd2 b4 24. Ne2 bxa3 25. bxa3 Rc4 26. Kd1 g5 27. Rd3 Ra4 28. Rc3 c4 29. Kd2 Kd7 30. Ke3 Kd6 31. Nd4 Bd7 32. g3 f6 33. f4 g4 34. Kd2 Ra5 35. Re3 c3+ 36. Kd3 Bb5+ 37. Kxc3 Rxa3+ 38. Nb3 c5 39. e5+ fxe5 40. Rxe5 c4 41. Kb4 Ra4+ 42. Kc3 cxb3 43. cxb3 Ra1 44. Rh5 Rc1+ 45. Kd4 Rd1+ 46. Kc3 Bd3 47. Rg5 Be2 48. Rh5 Rd3+ 49. Kb4 Rd4+ 50. Kc3 Rd5 51. Rxh7 Kc6 52. h3 Rd3+ 53. Kb4 Rxg3 54. hxg4 Rxg4 55. Rf7 Kd6 56. Ka5 Bd3 57. f5 Rg8 58. Rb7 Rg5 59. Rf7 Rg8 60. Rb7 Ke5 61. Rf7 Rb8 62. b4 Bb5 63. f6 Ke6 64. Re7+ Kxf6 65. Re6+ Kf5 66. Re5+ Kf4 67. Re4+ Kf3 68. Re3+ Kf2 69. Re6 Be2 70. Re7 Ke1 71. Rd7 Bd1 72. Kxa6 Rxb4 73. Ka5 Rb8 74. Rd6 Bc2 75. Rb6 Rc8 76. Kb4 Kd2 77. Rh6 Ke3 78. Rh4 Be4 79. Kb5 Kd4 80. Kb6 Rc6+ 81. Kb5 Re6 82. Rf4 Re7 83. Rh4 Rb7+ 84. Ka6 Rb4 85. Ka5 Rb1 86. Ka4 Kd5 87. Ka3 Re1 88. Kb3 Kc5 89. Kc3 Re3+ 90. Kd2 Kd4 91. Rh8 Rd3+ 92. Ke2 Rc3 93. Rd8+ Ke5 94. Kd1 Kf4 95. Kd2 Rc2+ 96. Ke1 Ke3 97. Rd7 Re2+ 98. Kd1 Rb2 99. Ke1 Rh2 100. Rf7 Re2+ 101. Kf1 Rb2 102. Kg1 Rg2+ 103. Kf1 Rh2 104. Ke1 Ra2 105. Rd7 Ra6 106. Rd8 Ra2 107. Rd7 Re2+ 108. Kd1 Rg2 109. Kc1 Rc2+ 110. Kd1 Rb2 111. Ke1 Bf3 112. Re7+ Kf4 113. Re8 Be4 114. Re7 Rb8 115. Kd2 Rc8 116. Rf7+ Bf5 117. Kd1 Ke4 118. Kd2 Ke5 119. Kd1 Be4 120. Rg7 Kd4 121. Rd7+ Ke3 122. Ke1 Rc1+ 123. Rd1 Rxd1+ 124. Kxd1 1/2-1/2